| 000 | 00916nam a22002294a 4500 | ||
|---|---|---|---|
| 005 | 20080917104111.0 | ||
| 008 | 030915s2004 cauab b 001 0 eng | ||
| 010 | _aENG-92452 | ||
| 020 |
_a9788190714457 _c75.00 |
||
| 035 | _aEN-75985 | ||
| 037 | _bDBAD / PUB | ||
| 040 |
_adpl _bEnglish |
||
| 082 | _a516.06 | ||
| 100 | _aJohn, B. Stephen | ||
| 245 |
_aAn introduction to solid geometry: _cby B. Stephen John _b(for B.Sc. mathematics major) (for Manomaniam Sundaranar and other universities) / |
||
| 260 |
_aKanyakumari _bDivya Jothi Publication _c2007 |
||
| 270 |
_a18/43,-A, South Kundal, _bKanyakumari _e629702 |
||
| 300 |
_a248p. _c20 cm (pbk) |
||
| 650 | _aGeometry, Solid | ||
| 942 |
_2ddc _cEN _mJOH _h516.06 |
||
| 999 |
_c20874 _d20874 |
||